| 000 | 00000nam 2200000zi 4500 |
| 001 | 9.942675 |
| 003 | CaOODSP |
| 005 | 20250124072817 |
| 006 | m o d f |
| 007 | cr mn||||||||| |
| 008 | 240830t20242024quc o f000 0 fre d |
| 020 | |a9780660734125 |
| 040 | |aCaOODSP|bfre|erda|cCaOODSP |
| 043 | |an-cn--- |
| 086 | 1 |aEn14-495/2-2024F-PDF |
| 245 | 00|aSystèmes d'assainissement en continu ayant un temps de rétention hydraulique ≥ 5 jours. |
| 250 | |a[Édition 2024]. |
| 264 | 1|a[Gatineau, Québec] : |bEnvironnement et changement climatique Canada = Environment and Climate Change Canada, |c[2024] |
| 264 | 4|c©2024 |
| 300 | |a1 ressource en ligne (6 pages) |
| 336 | |atexte|btxt|2rdacontent/fre |
| 337 | |ainformatique|bc|2rdamedia/fre |
| 338 | |aressource en ligne|bcr|2rdacarrier/fre |
| 500 | |aPublié aussi en anglais sous le titre : Continuously discharging wastewater systems with hydraulic retention time ≥ 5 days. |
| 500 | |aEn tête du titre : L'effluenceur, vol. 2. |
| 500 | |a« EC24117 » -- Page 6. |
| 610 | 26|aRèglement sur les effluents des systèmes d’assainissement des eaux usées. |
| 650 | 6|aEaux usées|xStations de traitement|xDroit|zCanada. |
| 650 | 6|aEaux usées|xAspect de l'environnement|zCanada. |
| 710 | 1 |aCanada. |bEnvironnement et changement climatique Canada, |eorganisme de publication. |
| 775 | 08|tContinuously discharging wastewater systems with hydraulic retention time ≥ 5 days.|w(CaOODSP)9.942674 |
| 794 | |tSystèmes d'assainissement en continu ayant un temps de rétention hydraulique ≥ 5 jours.|b(2025)|w(CaOODSP)9.946762 |
| 856 | 40|qPDF|s748 Ko|uhttps://publications.gc.ca/collections/collection_2024/eccc/En14-495-2-2024-fra.pdf |
| 856 | 4 |qHTML|sS.O.|uhttps://www.canada.ca/fr/environnement-changement-climatique/services/eaux-usees/reglement-effluent-systemes-rapport/proprietaires-exploitants-systemes-decharge-cinq-jours.html |
| 986 | |aEC24117 |